| 000 | 01264nam a22002295i 4500 | ||
|---|---|---|---|
| 001 | 161561 | ||
| 003 | ES-MaACL | ||
| 005 | 20230906212319.0 | ||
| 008 | 000823m18941978gw |||| | ger d | ||
| 040 |
_aCCPB | B _bspa _cCCPB | B |
||
| 100 | 1 |
_aPauly, August Friedrich van. _9147943 |
|
| 245 | 1 | 0 |
_aPaulys Real-Encyclopädie der classischen Altertumswissenschaft _b: neue Bearbeitung unter Mitwirkung Zahlreicher Fachgenossen / _cherausgegeben von Georg Wissowa. |
| 260 |
_aStuttgart : _bJ. B. Metzlerscher, _c1894-1978. |
||
| 300 |
_a56 v. ; _c25 cm. |
||
| 505 | 8 | _aContiene: [Primera parte] (28 v.) -- Zweite Reihe (13 v.) -- Supplement (15 v.) | |
| 594 | 1 | _aA partir del tomo VII (1ª parte) continua la obra como ed. lit., Wilhelm Kroll, en tomo XVIII (1ª parte) continua como ed. lit. Karl Mittelhaus y a partir del tomo XXI (1ª parte) continuará la obra como ed. lit. Konrat Ziegler. | |
| 595 | 1 | _aEn el tomo XXI (1ª parte) cambia editor por Alfred DruckenMüller. | |
| 650 | 4 |
_aCivilización clásica. _9139535 |
|
| 700 | 0 |
_aWissowa, Georg. _9117156 |
|
| 700 | 1 |
_aKroll, Wilhelm ( _d1869-1939) _968885 |
|
| 852 |
_aES-MaACL _jD-8968-9002 _z-- Enc. hol. y rust. _q-- Contiene t.I-XXVI de la 1ª serie, t.I-V de la 2ª serie y t.I-IV de suplemento |
||
| 999 |
_c161561 _d161561 |
||